| 000 | 00874cam a22002532 4500 | ||
|---|---|---|---|
| 001 | 0000004889 | ||
| 005 | 20151217151944.0 | ||
| 008 | 070531s xx 000 0 eng d | ||
| 020 |
_a1899505814 : _cKES 600 |
||
| 040 |
_aKABU _cKABU |
||
| 050 | 0 |
_aRA644 _b.A25W55 2002 |
|
| 100 | 1 |
_aWillis, Richard J. B. _@0000155806 |
|
| 245 | 1 | 4 |
_aThe AIDS pandemic / _cRichard J. B. Willis. |
| 260 |
_aLincolnshire, England : _bThe Stanborough Press, _c2002. |
||
| 300 | _a88 p. | ||
| 650 | 0 |
_aAIDS (Disease) _@0000148458 |
|
| 908 | _a070531 | ||
| 950 | _@1 | ||
| 999 |
_c6704 _d6704 |
||